000 00346nam a22001217a 4500
999 _c7935
_d7936
008 190425b ||||| |||| 00| 0 eng d
082 _a301 S13t 1968
100 _aSAHLINS, Marshall David
245 _aTribesmen.
260 _aEnglewood Cliffs ; London :
_bPrentice-Hall,
_b1968.
300 _ax, 118 p. :
_bill., map ;
_c23 cm.
942 _2ddc